| 000 | 00989nam a22002177a 4500 | ||
|---|---|---|---|
| 003 | JO-AjAnu | ||
| 005 | 20241023090336.0 | ||
| 008 | 241022b jo ||||| |||| 00| 0 ara d | ||
| 040 |
_aJO-AjAnu _bara _cJO-AjAnu _dJO-AjAnu _erda |
||
| 041 |
_aara _hara |
||
| 050 |
_aLC901 . _bH2252 2004 |
||
| 100 | 1 |
_aحداد، خلود عبدالكريم _eمعد _966396 |
|
| 245 | 0 |
_aالنقد الذاتي في ضوء التربية الإسلامية / _c إعداد خلود عبد الكريم محمود حداد ؛ إشراف حسين جابر بني خالد، شادية أحمد التل. |
|
| 260 | _c2004 | ||
| 300 | _a208 ورقة | ||
| 504 | _a رسالة جامعية (ماجستير)- جامعة اليرموك (إربد، الأردن)، كلية الشريعة، 2004. | ||
| 650 | 7 | 0 |
_aالتربية الاسلامية-النقد _966397 |
| 700 | 1 |
_aبني خالد، حسين جابر _eمشرف _966398 |
|
| 700 | 1 |
_aالتل، شادية _eمشرف _966400 |
|
| 942 |
_2lcc _cTHS _n0 |
||
| 999 |
_c33827 _d33827 |
||